[Event "XIV Festival A"]
[Site "Porto San Giorgio ITA"]
[Date "2002.08.20"]
[Round "1"]
[White "Cristiani, Cesare"]
[Black "Palac, Mladen"]
[Result "0-1"]
[WhiteElo "2143"]
[BlackElo "2564"]
[PlyCount "66"]
[EventDate "2002.08.20"]

1. d4 Nf6 2. c4 e6 3. Nf3 d5 4. e3 a6 5. a3 c5 6. dxc5 Bxc5 7. b4 Bd6 8. Bb2
O-O 9. Nbd2 Qe7 10. Be2 Nc6 11. O-O Rd8 12. Qc2 e5 13. cxd5 Nxd5 14. Bd3 h6 15.
h3 Be6 16. Rad1 Rac8 17. Qb1 Bb8 18. Rfe1 Nb6 19. Bh7+ Kh8 20. Bf5 Na4 21. Ba1
Rd7 22. Nc4 Rxd1 23. Rxd1 Qf6 24. Bxe6 Qxe6 25. Qe4 Re8 26. Nh4 Na7 27. Nf5 Nb5
28. Rd3 Rc8 29. Bxe5 Kg8 30. Nxg7 Qxc4 31. Rd8+ Rxd8 32. Qxc4 Bxe5 33. Qc2 Nac3
0-1

[Event "XIV Festival A"]
[Site "Porto San Giorgio ITA"]
[Date "2002.08.20"]
[Round "1"]
[White "Farago, Ivan"]
[Black "Obran, Harald"]
[Result "1-0"]
[WhiteElo "2502"]
[BlackElo "2125"]
[PlyCount "43"]
[EventDate "2002.08.20"]

1. d4 Nf6 2. c4 e6 3. Nf3 d5 4. Nc3 Bb4 5. Bg5 c6 6. e3 Nbd7 7. Bd3 Qa5 8. Qc2
Ne4 9. cxd5 Nxc3 10. bxc3 Bxc3+ 11. Ke2 Bxa1 12. dxe6 f6 13. exd7+ Bxd7 14. Bf4
Qc3 15. Qb1 Bb2 16. Nd2 b5 17. Ne4 Qa3 18. Bd6 b4 19. Nc5 Bg4+ 20. f3 Bh5 21.
Bf5 Rd8 22. Qe4+ 1-0

[Event "XIV Festival A"]
[Site "Porto San Giorgio ITA"]
[Date "2002.08.20"]
[Round "1"]
[White "Ferri, Stefano"]
[Black "Laketic, Gojko"]
[Result "1/2-1/2"]
[WhiteElo "2083"]
[BlackElo "2448"]
[PlyCount "25"]
[EventDate "2002.08.20"]

1. e4 e6 2. d4 d5 3. exd5 exd5 4. c4 Nf6 5. Nc3 g6 6. Nf3 Bg7 7. Bf4 O-O 8. c5
Ne4 9. Be2 Nxc3 10. bxc3 b6 11. cxb6 cxb6 12. Qb3 Nc6 13. Rb1 1/2-1/2

[Event "XIV Festival A"]
[Site "Porto San Giorgio ITA"]
[Date "2002.08.20"]
[Round "1"]
[White "Foglia, Maurizio"]
[Black "Miezis, Normunds"]
[Result "0-1"]
[WhiteElo "2129"]
[BlackElo "2510"]
[PlyCount "100"]
[EventDate "2002.08.20"]

1. e4 c5 2. c3 d5 3. exd5 Qxd5 4. d4 e6 5. Nf3 Nf6 6. Be2 Be7 7. O-O O-O 8. c4
Qd8 9. Nc3 cxd4 10. Qxd4 Nc6 11. Qxd8 Rxd8 12. Bf4 b6 13. Rad1 Bb7 14. h3 h6
15. a3 g5 16. Bc1 Ne8 17. Rxd8 Rxd8 18. b4 Bf6 19. Na4 e5 20. b5 e4 21. bxc6
Bxc6 22. Nd2 Bxa4 23. Nxe4 Bd4 24. h4 Bc2 25. Nd2 Bc5 26. hxg5 hxg5 27. Nf3 g4
28. Ng5 Bf5 29. Be3 f6 30. Bxc5 bxc5 31. Bxg4 Bxg4 32. Ne4 Bf5 33. Nxc5 Rc8 34.
Re1 Rxc5 35. Rxe8+ Kf7 36. Re3 Rxc4 37. f3 a5 38. Kf2 Rc2+ 39. Kf1 Be6 40. g4
Ra2 41. Ke1 a4 42. Rc3 Ke7 43. Re3 Kd6 44. Rd3+ Kc5 45. Rc3+ Bc4 46. f4 Kd4 47.
Rg3 Re2+ 48. Kd1 Re3 49. Rg2 Rxa3 50. Rd2+ Bd3 0-1

[Event "XIV Festival A"]
[Site "Porto San Giorgio ITA"]
[Date "2002.08.20"]
[Round "1"]
[White "Karr, Jean-Philippe"]
[Black "Ragonese, Lucio Rosario"]
[Result "1-0"]
[WhiteElo "2404"]
[BlackElo "2044"]
[PlyCount "81"]
[EventDate "2002.08.20"]

1. d4 f5 2. Nc3 Nf6 3. Bg5 e6 4. e4 fxe4 5. Nxe4 Be7 6. Bxf6 Bxf6 7. Qh5+ g6 8.
Qh6 Qe7 9. Nxf6+ Qxf6 10. Nf3 Nc6 11. O-O-O d6 12. Qe3 Bd7 13. d5 Ne7 14. dxe6
Qxe6 15. Qc3 O-O-O 16. Bc4 Qf5 17. Kb1 Rhf8 18. Rhe1 Nc6 19. Re3 Rfe8 20. Rde1
Qf8 21. a3 Bf5 22. Bd5 Bd7 23. Bb3 Re7 24. Rxe7 Nxe7 25. Ng5 Nc6 26. f3 Ne5 27.
g3 h5 28. f4 Nc6 29. Ne6 Bxe6 30. Bxe6+ Kb8 31. Bd5 Ne7 32. Bg2 c6 33. Qe3 Rd7
34. Qe6 Qf5 35. Bh3 Qxe6 36. Rxe6 Kc7 37. Rf6 Nd5 38. Rxg6 Re7 39. Be6 h4 40.
f5 hxg3 41. hxg3 1-0

[Event "XIV Festival A"]
[Site "Porto San Giorgio ITA"]
[Date "2002.08.20"]
[Round "1"]
[White "Kohlweyer, Bernd"]
[Black "Cerquitella, Luca"]
[Result "1-0"]
[WhiteElo "2452"]
[BlackElo "2083"]
[PlyCount "69"]
[EventDate "2002.08.20"]

1. d4 Nf6 2. c4 e6 3. Nf3 b6 4. g3 Bb7 5. Bg2 d5 6. cxd5 exd5 7. O-O Bd6 8. Nc3
O-O 9. Nb5 Be7 10. Bf4 Na6 11. Ne5 c6 12. Nc3 Nc7 13. Qa4 Ne6 14. Nxc6 Bxc6 15.
Qxc6 Nxd4 16. Qa4 Ne6 17. Rad1 Nxf4 18. Qxf4 Bd6 19. Qa4 Qe8 20. Qb3 Bc5 21. e3
Rd8 22. Bxd5 Nxd5 23. Rxd5 Rxd5 24. Qxd5 Qc8 25. Rd1 h6 26. Qb3 Re8 27. Rd3 Qf5
28. Qd1 Re6 29. Rd5 Qg6 30. Qd3 Qg4 31. Rd8+ Bf8 32. Qd5 Qb4 33. Qa8 g6 34. Nd5
Qc5 35. b4 1-0

[Event "XIV Festival A"]
[Site "Porto San Giorgio ITA"]
[Date "2002.08.20"]
[Round "1"]
[White "Ori, Marco"]
[Black "Cioara, Andrei Nestor"]
[Result "0-1"]
[WhiteElo "2053"]
[BlackElo "2414"]
[PlyCount "82"]
[EventDate "2002.08.20"]

1. e4 c6 2. Nc3 d5 3. Nf3 Bg4 4. h3 Bxf3 5. Qxf3 e6 6. d3 Bb4 7. Bd2 Nd7 8. Qg3
Qf6 9. Be2 Ne7 10. O-O d4 11. Nb1 Bxd2 12. Nxd2 e5 13. f4 Ng6 14. fxe5 Qxe5 15.
Qf2 Qf6 16. Qg3 Qe7 17. Bg4 Nde5 18. Rf5 O-O 19. Raf1 f6 20. Bd1 Qe6 21. c3 Qd6
22. Bb3+ Kh8 23. Rh5 dxc3 24. Rff5 h6 25. Qe3 Kh7 26. Rxh6+ gxh6 27. Rh5 Nf7
28. Bxf7 Nf4 29. Nc4 Qc7 30. Rh4 cxb2 31. Nxb2 Qb6 32. Qxb6 axb6 33. Bb3 Ng6
34. Rh5 Ra5 35. Rxa5 bxa5 36. Nc4 a4 37. Bc2 b5 38. Ne3 Rd8 39. Kf2 Nf4 40. Ng4
Nxd3+ 41. Ke3 Ne1 0-1

[Event "XIV Festival A"]
[Site "Porto San Giorgio ITA"]
[Date "2002.08.20"]
[Round "1"]
[White "Pegoraro, Nicola"]
[Black "Arlandi, Ennio"]
[Result "0-1"]
[WhiteElo "2086"]
[BlackElo "2454"]
[PlyCount "80"]
[EventDate "2002.08.20"]

1. e4 c5 2. Nf3 e6 3. d4 cxd4 4. Nxd4 Nf6 5. Nc3 d6 6. Be2 a6 7. f4 Be7 8. O-O
O-O 9. Kh1 Qc7 10. Bf3 Nc6 11. Nxc6 bxc6 12. e5 dxe5 13. fxe5 Nd5 14. Qe1 Nxc3
15. Qxc3 Bb7 16. Bf4 c5 17. Rad1 Rfd8 18. Bg3 Rxd1 19. Rxd1 g6 20. b3 h5 21.
Bxb7 Qxb7 22. Qf3 Rb8 23. Qxb7 Rxb7 24. Kg1 Kf8 25. Kf2 Ke8 26. c3 a5 27. Ke2
a4 28. Rb1 c4 29. b4 Rb5 30. a3 h4 31. Bf2 Rxe5+ 32. Kf3 Rd5 33. Be1 Kd7 34.
Ke2 Kc6 35. h3 g5 36. Bd2 f5 37. Rf1 Bf6 38. Rb1 e5 39. Be1 e4 40. Bd2 f4 0-1

[Event "XIV Festival A"]
[Site "Porto San Giorgio ITA"]
[Date "2002.08.20"]
[Round "1"]
[White "Popchev, Milko"]
[Black "Doleschal, Johannes"]
[Result "1-0"]
[WhiteElo "2419"]
[BlackElo "2066"]
[PlyCount "99"]
[EventDate "2002.08.20"]

1. b3 e5 2. Bb2 Nc6 3. c4 Nf6 4. e3 g6 5. Nf3 d6 6. d4 exd4 7. Nxd4 Bd7 8. Nc3
Bg7 9. Be2 O-O 10. O-O Re8 11. Nd5 Nxd4 12. Qxd4 Nh5 13. Qd2 Nf6 14. Bd4 Ne4
15. Qb2 Bxd4 16. Qxd4 Bc6 17. Nf4 Qf6 18. Qxf6 Nxf6 19. Rfd1 Re5 20. Rac1 Rc8
21. Nd3 Re7 22. Nb4 Be4 23. f3 Bc6 24. e4 a5 25. Nc2 b6 26. Nd4 Bd7 27. Bf1 Re5
28. Rd2 g5 29. Bd3 Kg7 30. Ne2 Bc6 31. Nc3 Nd7 32. Bc2 Nc5 33. a3 Ne6 34. Nd5
Nf8 35. Ne3 Bd7 36. Bb1 Ng6 37. g3 h6 38. Rf1 Ree8 39. b4 axb4 40. axb4 Ra8 41.
Nd5 Ra7 42. Kg2 Ne5 43. Ra2 Rxa2+ 44. Bxa2 Ra8 45. Bb3 Ra7 46. f4 gxf4 47. gxf4
Nd3 48. Rd1 Ra3 49. Rxd3 Ba4 50. Rg3+ 1-0

[Event "XIV Festival A"]
[Site "Porto San Giorgio ITA"]
[Date "2002.08.20"]
[Round "1"]
[White "Roeder, Matthias"]
[Black "Calandri, Fausto"]
[Result "1-0"]
[WhiteElo "2485"]
[BlackElo "2113"]
[PlyCount "49"]
[EventDate "2002.08.20"]

1. d4 e6 2. c4 Nf6 3. Nf3 b6 4. Nc3 Bb7 5. a3 d5 6. cxd5 Nxd5 7. Qc2 Nxc3 8.
Qxc3 Nd7 9. Bg5 Be7 10. Bxe7 Kxe7 11. Rc1 Rc8 12. b4 Nf6 13. e3 Qd6 14. Be2
Rhd8 15. O-O Ng4 16. Ne5 Nxe5 17. dxe5 Qd2 18. Qc4 Qb2 19. Qh4+ f6 20. Qxh7 Rg8
21. exf6+ Kxf6 22. Bh5 Rgf8 23. Rc4 Ba6 24. Qg6+ Ke7 25. Rd4 1-0

[Event "XIV Festival A"]
[Site "Porto San Giorgio ITA"]
[Date "2002.08.20"]
[Round "1"]
[White "Ronchetti, Niccolo'"]
[Black "Fercec, Nenad"]
[Result "0-1"]
[WhiteElo "2117"]
[BlackElo "2494"]
[PlyCount "42"]
[EventDate "2002.08.20"]

1. e4 c5 2. Nf3 d6 3. d4 cxd4 4. Nxd4 Nf6 5. Nc3 a6 6. Bc4 e6 7. Bb3 Nbd7 8. f4
Nc5 9. e5 dxe5 10. fxe5 Nfd7 11. Bf4 g6 12. Qf3 Bg7 13. O-O-O Qa5 14. Rde1 Nxe5
15. Bxe5 Bxe5 16. Nc6 bxc6 17. Qxc6+ Ke7 18. Qxa8 Bb7 19. Nd5+ Kd6 20. Qa7 exd5
21. Bxd5 Ra8 0-1

[Event "XIV Festival A"]
[Site "Porto San Giorgio ITA"]
[Date "2002.08.20"]
[Round "1"]
[White "Rotstein, Arkadij"]
[Black "Pacilli, Emanuele"]
[Result "1-0"]
[WhiteElo "2557"]
[BlackElo "2142"]
[PlyCount "67"]
[EventDate "2002.08.20"]

1. c4 Nf6 2. Nf3 c5 3. d4 cxd4 4. Nxd4 Nc6 5. Nc3 g6 6. e4 d6 7. Be2 Bg7 8. Be3
O-O 9. O-O Nd7 10. Rc1 Nxd4 11. Bxd4 Ne5 12. f4 Nc6 13. Bxg7 Kxg7 14. Kh1 Qa5
15. a3 Bd7 16. e5 Be6 17. exd6 Rfd8 18. Nb5 exd6 19. b4 Qb6 20. Nxd6 Qa6 21.
Rc3 Rxd6 22. Qxd6 Rd8 23. Qc5 Nd4 24. Bd3 b6 25. Qe5+ f6 26. Qe3 Qb7 27. Be4
Qf7 28. c5 b5 29. Rcc1 Bc4 30. Rfd1 Ne6 31. Rxd8 Nxd8 32. Rd1 Qc7 33. c6 Be6
34. Bf3 1-0

[Event "XIV Festival A"]
[Site "Porto San Giorgio ITA"]
[Date "2002.08.20"]
[Round "1"]
[White "Sax, Gyula"]
[Black "Sbraccia, Giovanni"]
[Result "1-0"]
[WhiteElo "2518"]
[BlackElo "2130"]
[PlyCount "73"]
[EventDate "2002.08.20"]

1. e4 c6 2. d4 d5 3. e5 Bf5 4. Nc3 e6 5. g4 Bg6 6. Nge2 h6 7. h4 c5 8. h5 Bh7
9. Be3 Nc6 10. f4 cxd4 11. Nxd4 Nxd4 12. Qxd4 Ne7 13. Qa4+ Nc6 14. Bb5 Qd7 15.
O-O-O Be7 16. f5 a6 17. Rhf1 Rc8 18. Bxc6 Qxc6 19. Qxc6+ Rxc6 20. Ne2 O-O 21.
Nd4 Bc5 22. c3 Bxd4 23. Bxd4 b5 24. Kd2 a5 25. a3 Rb8 26. Rf4 b4 27. cxb4 axb4
28. a4 Rbc8 29. a5 Rc2+ 30. Ke3 g6 31. hxg6 fxg6 32. fxe6 g5 33. Rf6 Rg2 34. e7
Rxg4 35. Rf8+ Rxf8 36. exf8=Q+ Kxf8 37. a6 1-0

[Event "XIV Festival A"]
[Site "Porto San Giorgio ITA"]
[Date "2002.08.20"]
[Round "1"]
[White "Shytaj, Carlo"]
[Black "Ortega, Lexy"]
[Result "1/2-1/2"]
[WhiteElo "2112"]
[BlackElo "2467"]
[PlyCount "143"]
[EventDate "2002.08.20"]

1. e4 c5 2. c3 d5 3. exd5 Qxd5 4. d4 Nf6 5. Nf3 Bg4 6. Be2 e6 7. Be3 cxd4 8.
cxd4 Nc6 9. Nc3 Qd6 10. O-O Be7 11. Qb3 O-O 12. Rfd1 Rfd8 13. Rac1 Qb4 14. Qxb4
Nxb4 15. h3 Bh5 16. g4 Bg6 17. Ne5 Nfd5 18. Nxd5 Nxd5 19. Bf3 Bf6 20. Nxg6 hxg6
21. Rc5 Rac8 22. Rxc8 Rxc8 23. Bxd5 exd5 24. g5 Bd8 25. Rc1 Rxc1+ 26. Bxc1 f6
27. gxf6 gxf6 28. Kg2 Kf7 29. Kg3 Ke6 30. Kg4 f5+ 31. Kg3 Bf6 32. Be3 Kd7 33.
b4 Kc6 34. a4 b5 35. a5 Kd7 36. f4 Ke6 37. Kf3 Kf7 38. Bf2 Kg7 39. Ke3 Kh6 40.
Kf3 Kh5 41. Be3 Kh4 42. Kg2 Be7 43. Bd2 Bd6 44. Be1+ Kh5 45. Bd2 a6 46. Kf3 Bf8
47. Kg2 Be7 48. Kf3 Bd6 49. Kg2 g5 50. fxg5 f4 51. h4 Kg4 52. Be1 Bf8 53. g6
Bh6 54. Bd2 Bg7 55. Bc3 Kxh4 56. Kf3 Kg5 57. Bb2 Bf8 58. Bc3 Bh6 59. Bd2 Kxg6
60. Bxf4 Bg7 61. Be3 Kf5 62. Bf2 Bh6 63. Be1 Bf4 64. Bc3 Bc1 65. Be1 Bb2 66.
Ke3 Kg4 67. Bd2 Ba3 68. Kd3 Kf3 69. Kc3 Ke2 70. Bh6 Kd1 71. Kb3 Bc1 72. Bxc1
1/2-1/2

[Event "XIV Festival A"]
[Site "Porto San Giorgio ITA"]
[Date "2002.08.20"]
[Round "1"]
[White "Tomescu, Vlad"]
[Black "Scacco, Mauro"]
[Result "1-0"]
[WhiteElo "2438"]
[BlackElo "2070"]
[PlyCount "99"]
[EventDate "2002.08.20"]

1. e4 c5 2. Nf3 d6 3. d4 cxd4 4. Nxd4 Nf6 5. Nc3 g6 6. Bc4 Nc6 7. Be3 Qc7 8.
Bb3 Bd7 9. f3 a6 10. g4 h6 11. Qd2 b5 12. O-O-O Na5 13. Kb1 Nc4 14. Bxc4 Qxc4
15. h4 b4 16. Nce2 e5 17. Nf5 Bxf5 18. gxf5 d5 19. Qd3 Qxd3 20. cxd3 d4 21. Bf2
Nh5 22. Rc1 Kd7 23. f4 f6 24. Rhg1 Be7 25. Rxg6 Rhc8 26. Rxc8 Kxc8 27. Kc2 a5
28. Be1 Ra7 29. Bd2 Rc7+ 30. Kd1 a4 31. fxe5 fxe5 32. Ra6 b3 33. Rxa4 bxa2 34.
Rxa2 Bxh4 35. Ra5 Bf6 36. Ng1 Kb7 37. Nf3 Re7 38. Bb4 Re8 39. Bd6 Kb6 40. b4
Nf4 41. Kd2 Rc8 42. Nxe5 Bg5 43. Bc5+ Rxc5 44. Nd7+ Kc6 45. Nxc5 Nd5+ 46. Kc2
Nxb4+ 47. Kb3 Bd2 48. Kc4 Kd6 49. Nb3 Nc6 50. Rd5+ 1-0

[Event "XIV Festival A"]
[Site "Porto San Giorgio ITA"]
[Date "2002.08.20"]
[Round "1"]
[White "Zilahi, Gabor"]
[Black "Zaja, Ivan"]
[Result "0-1"]
[WhiteElo "2108"]
[BlackElo "2459"]
[PlyCount "44"]
[EventDate "2002.08.20"]

1. Nf3 d5 2. d4 Nf6 3. g3 Bg4 4. Ne5 Bf5 5. Bg2 c6 6. Nd2 Nbd7 7. Ndf3 Be4 8.
O-O Nxe5 9. dxe5 Nd7 10. e6 fxe6 11. Ng5 Bxg2 12. Nxe6 Qc8 13. Kxg2 Nf6 14.
Nxf8 Rxf8 15. b3 Qf5 16. Qd3 Qh5 17. Ba3 Rf7 18. f3 e5 19. Rad1 O-O-O 20. Bc5
d4 21. c4 e4 22. Qd2 Qxc5 0-1

[Event "XIV Festival A"]
[Site "Porto San Giorgio ITA"]
[Date "2002.08.21"]
[Round "2"]
[White "Aleksic, Nenad"]
[Black "De Vita, Igor"]
[Result "1/2-1/2"]
[WhiteElo "2393"]
[BlackElo "2160"]
[PlyCount "88"]
[EventDate "2002.08.20"]

1. e4 e6 2. Nf3 d5 3. Nc3 Nf6 4. e5 Nfd7 5. d4 c5 6. dxc5 Nc6 7. Bf4 Bxc5 8.
Bd3 f6 9. exf6 Nxf6 10. O-O O-O 11. Ne5 Bd7 12. Qe2 Nd4 13. Qd2 Be8 14. a3 a5
15. Rae1 b5 16. Be3 b4 17. axb4 axb4 18. Ne2 Nxe2+ 19. Rxe2 Qb6 20. Bxc5 Qxc5
21. Rfe1 Rd8 22. Qe3 Qxe3 23. Rxe3 Rd6 24. h3 g6 25. Be2 Rb6 26. Bg4 Nxg4 27.
hxg4 Bb5 28. g5 Rc8 29. c3 bxc3 30. bxc3 Be8 31. Rf3 Rb7 32. Rf4 Rbc7 33. Ng4
Bf7 34. Rf6 Kg7 35. Nh6 Bg8 36. Nxg8 Kxg8 37. Rexe6 Rxc3 38. Rd6 R3c5 39. Rd7
R8c7 40. Rd8+ Kg7 41. Rfd6 Rf7 42. f3 d4 43. Rd5 Rxd5 44. Rxd5 Rf5 1/2-1/2

[Event "XIV Festival A"]
[Site "Porto San Giorgio ITA"]
[Date "2002.08.21"]
[Round "2"]
[White "Anceschi, Vittorio"]
[Black "Farago, Ivan"]
[Result "0-1"]
[WhiteElo "2276"]
[BlackElo "2502"]
[PlyCount "80"]
[EventDate "2002.08.20"]

1. e4 c5 2. Nc3 Nc6 3. g3 g6 4. Bg2 Bg7 5. d3 d6 6. Be3 e6 7. Qd2 Nd4 8. Nd1
Ne7 9. c3 Ndc6 10. Bh6 O-O 11. h4 f6 12. Bxg7 Kxg7 13. Ne2 e5 14. Ne3 Be6 15.
d4 cxd4 16. cxd4 Nxd4 17. Nxd4 exd4 18. Qxd4 Qa5+ 19. Qd2 Qxd2+ 20. Kxd2 f5 21.
f4 fxe4 22. Bxe4 d5 23. Bd3 d4 24. Nc2 Rad8 25. Rhe1 Kf6 26. Re5 Nc6 27. Rb5
Rd7 28. b3 Bf5 29. Re1 Rc8 30. Na3 Bxd3 31. Kxd3 a6 32. Rb6 Kf5 33. Nc4 Rcc7
34. Re4 Rd5 35. Nd2 Kg4 36. f5+ Kxf5 37. Rf4+ Ke6 38. Nf3 Kd6 39. Rxd4 Rxd4+
40. Nxd4 Rd7 0-1

[Event "XIV Festival A"]
[Site "Porto San Giorgio ITA"]
[Date "2002.08.21"]
[Round "2"]
[White "Bruned, Vianney"]
[Black "Colovic, Aleksandar"]
[Result "0-1"]
[WhiteElo "1413"]
[BlackElo "2370"]
[PlyCount "100"]
[EventDate "2002.08.20"]

1. e4 c5 2. Nf3 d6 3. d4 cxd4 4. Nxd4 Nf6 5. Nc3 a6 6. Bg5 e6 7. f4 Nc6 8. Be2
Be7 9. O-O Qb6 10. e5 Nxd4 11. Kh1 Nxe2 12. exf6 Nxc3 13. fxg7 Rg8 14. bxc3
Bxg5 15. fxg5 Rxg7 16. Qf3 Qc5 17. Rae1 Qxg5 18. h3 e5 19. Rd1 Qg3 20. Rxd6
Qxf3 21. Rxf3 Rg6 22. Rd5 Be6 23. Rxe5 O-O-O 24. a3 Rd2 25. Rc5+ Kb8 26. Rd3
Rdxg2 27. Rd1 Rxc2 28. Rd3 Rcg2 29. Rd1 R2g3 30. Rh5 Rxc3 31. a4 Rxh3+ 32. Rxh3
Bxh3 33. a5 Rg5 34. Ra1 Be6 35. Ra3 Bd5+ 36. Kh2 Rg2+ 37. Kh3 Ra2 38. Rxa2 Bxa2
39. Kg4 Be6+ 40. Kg5 b5 41. Kf4 h5 42. Ke3 h4 43. Kf3 b4 44. Ke3 h3 45. Kd3 h2
46. Kc2 h1=Q 47. Kb2 Qg2+ 48. Kc1 Bb3 49. Kb1 Qc2+ 50. Ka1 Qc1# 0-1

[Event "XIV Festival A"]
[Site "Porto San Giorgio ITA"]
[Date "2002.08.21"]
[Round "2"]
[White "Bruno, Fabio"]
[Black "Barsov, Alexei"]
[Result "0-1"]
[WhiteElo "2296"]
[BlackElo "2550"]
[PlyCount "144"]
[EventDate "2002.08.20"]

1. d4 e6 2. Nf3 c5 3. e3 Nf6 4. Bd3 d5 5. Nbd2 Nc6 6. c3 Qc7 7. O-O b6 8. Qe2
Be7 9. Re1 O-O 10. dxc5 bxc5 11. e4 Rd8 12. e5 Nd7 13. Nf1 f6 14. exf6 Nxf6 15.
Bg5 c4 16. Bc2 Rb8 17. Rab1 Rb6 18. Bh4 Qb7 19. Bg3 g6 20. Ba4 Ne4 21. Bxc6
Rxc6 22. Be5 Ra6 23. b3 cxb3 24. Rxb3 Rb6 25. Reb1 Bc5 26. Nd4 Qa6 27. Qc2 Rf8
28. f4 Bd7 29. Ng3 Ba4 30. Rxb6 axb6 31. Qc1 Qd3 32. Nxe4 dxe4 33. Qe1 Bc6 34.
Rd1 Qc4 35. Kh1 Bd5 36. Qe3 Qxa2 37. h4 Qa4 38. Re1 Qc4 39. Ra1 Qd3 40. Qe1 e3
41. h5 e2 42. Kh2 Bxd4 43. cxd4 Rf5 44. g4 Qf3 45. Qg3 Qf1 46. Qg1 Qxg1+ 47.
Kxg1 Rf7 48. Kf2 gxh5 49. gxh5 Rf5 50. Rg1+ Kf8 51. Kxe2 Rxh5 52. Rg5 Rh2+ 53.
Ke1 Rh1+ 54. Ke2 b5 55. f5 h6 56. Rg6 exf5 57. Rf6+ Ke7 58. Rxf5 Be6 59. Rf6 b4
60. Kd2 b3 61. Kc3 Rc1+ 62. Kb2 Rc2+ 63. Kb1 Re2 64. Rf4 Bd5 65. Bg7 h5 66.
Bf8+ Ke6 67. Ba3 Be4+ 68. Kc1 Rc2+ 69. Kd1 Kd5 70. Rf8 b2 71. Rd8+ Kc4 72. Rb8
Rc1+ 0-1

[Event "XIV Festival A"]
[Site "Porto San Giorgio ITA"]
[Date "2002.08.21"]
[Round "2"]
[White "Calavalle, Giulio"]
[Black "Tomescu, Vlad"]
[Result "0-1"]
[WhiteElo "2160"]
[BlackElo "2438"]
[PlyCount "87"]
[EventDate "2002.08.20"]

1. e4 Nc6 2. d4 d5 3. e5 Bf5 4. c3 f6 5. f4 e6 6. Nf3 Nh6 7. Bd3 Bxd3 8. Qxd3
f5 9. b3 Be7 10. Ba3 Nf7 11. Bxe7 Qxe7 12. h4 O-O-O 13. a4 g6 14. Nbd2 h6 15.
Ke2 g5 16. g3 gxf4 17. gxf4 Rdg8 18. Rhg1 Rg4 19. b4 Rxf4 20. Nb3 Rg4 21. b5
Nb8 22. a5 Rhg8 23. Rgf1 Nd7 24. Nbd2 Nh8 25. c4 Ng6 26. Qc3 dxc4 27. Nxc4 Nf4+
28. Ke1 Nd5 29. Qb2 Rg2 30. Rf2 Rxf2 31. Kxf2 Nf4 32. Qc3 Rg2+ 33. Kf1 Qg7 34.
Nd6+ Kb8 35. Qxc7+ Kxc7 36. Rc1+ Nc5 37. Ne8+ Kd7 38. Nxg7 Ncd3 39. b6 axb6 40.
Rb1 Rxg7 41. Rxb6 Kc7 42. h5 Rg2 43. Nh4 Rh2 44. Nxf5 0-1

[Event "XIV Festival A"]
[Site "Porto San Giorgio ITA"]
[Date "2002.08.21"]
[Round "2"]
[White "Campora Perez, Daniel"]
[Black "Karr, Jean-Philippe"]
[Result "1-0"]
[WhiteElo "2136"]
[BlackElo "2404"]
[PlyCount "107"]
[EventDate "2002.08.20"]

1. e4 c5 2. Nf3 d6 3. d4 cxd4 4. Qxd4 Nc6 5. Bb5 Bd7 6. Bxc6 Bxc6 7. c4 f5 8.
Nc3 fxe4 9. Nxe4 e5 10. Qd3 Nf6 11. Nfd2 Qd7 12. O-O Be7 13. Re1 O-O 14. b4 b5
15. cxb5 Bxb5 16. Qb3+ d5 17. a4 Bc6 18. b5 Bb7 19. Nf3 Nxe4 20. Rxe4 Kh8 21.
Nxe5 Qf5 22. Re2 Bd6 23. Bb2 Rf6 24. Qg3 Raf8 25. Bd4 Qh5 26. Rae1 Rf5 27. h3
Kg8 28. Qd3 Rg5 29. Nc6 Bc8 30. Kh1 Bf5 31. Qb3 Kh8 32. Bxa7 Qg6 33. Ne7 Bxe7
34. Rxe7 Be4 35. R1xe4 dxe4 36. Bd4 Rg8 37. Qf7 Qxf7 38. Rxf7 Rd5 39. Be3 Ra8
40. Ra7 Rb8 41. b6 Kg8 42. a5 Rb5 43. Bf4 Rf8 44. Bg3 h5 45. b7 g5 46. h4 gxh4
47. Bxh4 Rb3 48. a6 Rf4 49. Ra8+ Kf7 50. Bg3 e3 51. fxe3 Rf1+ 52. Kh2 Rbb1 53.
Bd6 h4 54. Rf8+ 1-0

[Event "XIV Festival A"]
[Site "Porto San Giorgio ITA"]
[Date "2002.08.21"]
[Round "2"]
[White "Campora Sivori, Daniel Hugo"]
[Black "Rigo, Janos"]
[Result "1-0"]
[WhiteElo "2522"]
[BlackElo "2303"]
[PlyCount "101"]
[EventDate "2002.08.20"]

1. e4 c5 2. Nc3 Nc6 3. f4 e6 4. Nf3 Be7 5. Bb5 Nd4 6. Nxd4 cxd4 7. Ne2 Nf6 8.
Bd3 e5 9. O-O d6 10. Bb5+ Bd7 11. Bxd7+ Qxd7 12. d3 Rc8 13. c4 dxc3 14. bxc3
O-O 15. a4 exf4 16. Bxf4 Ng4 17. h3 Ne5 18. Be3 d5 19. Bxa7 dxe4 20. dxe4 Rc4
21. Bd4 Nc6 22. Qd3 Ne5 23. Qb1 Bc5 24. Kh1 Bd6 25. Qb3 Qc6 26. Nf4 Ng6 27. Nd5
Bb8 28. Qb6 Qd7 29. Qf6 Rxd4 30. Qxd4 Qd6 31. Qg1 Re8 32. Rad1 Qa6 33. Qd4 Ne5
34. Ne7+ Kh8 35. Nf5 f6 36. Qb4 Nc6 37. Qb5 Rxe4 38. Nd6 Re7 39. c4 h6 40. c5
Bxd6 41. cxd6 Rd7 42. Qxa6 bxa6 43. Rf3 Ne5 44. Rc3 Kg8 45. Rc8+ Kf7 46. Ra8
Ke6 47. Rxa6 h5 48. Rb6 g5 49. a5 Nc4 50. Rb5 Ne5 51. a6 1-0

[Event "XIV Festival A"]
[Site "Porto San Giorgio ITA"]
[Date "2002.08.21"]
[Round "2"]
[White "Cioara, Andrei Nestor"]
[Black "Rago, Riccardo"]
[Result "1-0"]
[WhiteElo "2414"]
[BlackElo "2190"]
[PlyCount "103"]
[EventDate "2002.08.20"]

1. e4 c5 2. Nf3 Nc6 3. d4 cxd4 4. Nxd4 Nf6 5. Nc3 e5 6. Ndb5 d6 7. Bg5 a6 8.
Na3 b5 9. Nd5 Be7 10. Bxf6 Bxf6 11. c3 O-O 12. Nc2 Bg5 13. a4 bxa4 14. Rxa4 a5
15. Bb5 Bb7 16. O-O Kh8 17. Qd3 Ne7 18. Nxe7 Bxe7 19. Ne3 g6 20. Bc4 f5 21. Bd5
fxe4 22. Qxe4 Rf4 23. Qc2 Rxa4 24. Qxa4 Rb8 25. Bxb7 Rxb7 26. Qa2 Qg8 27. Nd5
Bd8 28. b4 axb4 29. cxb4 Bb6 30. Qc4 Bd4 31. g3 Qf7 32. Kg2 Kg7 33. b5 Bc5 34.
f3 Qe6 35. Rb1 Qf5 36. Qe4 Kf7 37. Nc3 Qxe4 38. fxe4 Ke6 39. Nd5 Kd7 40. Kf3 h6
41. Kg4 Rb8 42. Rb3 Rf8 43. b6 Rb8 44. h4 Ke6 45. b7 Kd7 46. h5 gxh5+ 47. Kxh5
Kc6 48. Kxh6 Rxb7 49. Rxb7 Kxb7 50. g4 Ba3 51. g5 Bc1 52. Kh5 1-0

[Event "XIV Festival A"]
[Site "Porto San Giorgio ITA"]
[Date "2002.08.21"]
[Round "2"]
[White "Di Peco, Diego"]
[Black "Todorov, Ognjan"]
[Result "0-1"]
[WhiteElo "1788"]
[BlackElo "2376"]
[PlyCount "54"]
[EventDate "2002.08.20"]

1. Nf3 Nf6 2. d4 g6 3. Bg5 Bg7 4. e3 O-O 5. Nbd2 d6 6. Be2 c5 7. c3 Nc6 8. O-O
cxd4 9. exd4 h6 10. Bh4 g5 11. Bg3 Nh5 12. Qc2 Nxg3 13. hxg3 e5 14. dxe5 dxe5
15. Rad1 Qe7 16. Qe4 f5 17. Bc4+ Kh8 18. Qc2 e4 19. Rfe1 Qc7 20. Nh2 Ne5 21.
Bf1 Bd7 22. g4 fxg4 23. Nxe4 Bf5 24. Qa4 Bxe4 25. Qxe4 Qb6 26. Nxg4 Nxg4 27.
Qxg4 Qxf2+ 0-1

[Event "XIV Festival A"]
[Site "Porto San Giorgio ITA"]
[Date "2002.08.21"]
[Round "2"]
[White "Dragojlovic, Andjelko"]
[Black "Glek, Igor V."]
[Result "0-1"]
[WhiteElo "2351"]
[BlackElo "2590"]
[PlyCount "54"]
[EventDate "2002.08.20"]

1. e4 e6 2. d4 d5 3. Nc3 Nf6 4. e5 Nfd7 5. Nce2 c5 6. f4 Nc6 7. c3 Rb8 8. Nf3
b5 9. g4 b4 10. f5 bxc3 11. bxc3 cxd4 12. cxd4 Qb6 13. a3 Qb3 14. Bg2 Qxd1+ 15.
Kxd1 Nb6 16. Bh3 Nc4 17. Rf1 Ba6 18. Rf2 Nb2+ 19. Bxb2 Rxb2 20. fxe6 fxe6 21.
g5 Na5 22. Ke1 Nb3 23. Rd1 Bxa3 24. Bxe6 Bb4+ 25. Kf1 Bc4 26. Bf5 Rf8 27. Bd3
a5 0-1

[Event "XIV Festival A"]
[Site "Porto San Giorgio ITA"]
[Date "2002.08.21"]
[Round "2"]
[White "Esposito, Luca"]
[Black "Popchev, Milko"]
[Result "0-1"]
[WhiteElo "2155"]
[BlackElo "2419"]
[PlyCount "94"]
[EventDate "2002.08.20"]

1. d4 Nf6 2. c4 c5 3. d5 Ne4 4. f3 Qa5+ 5. Nd2 Nd6 6. e4 g6 7. Bd3 Bg7 8. Ne2
O-O 9. O-O b5 10. cxb5 a6 11. bxa6 Bxa6 12. Bxa6 Nxa6 13. f4 c4 14. e5 Nf5 15.
Ne4 d6 16. exd6 exd6 17. N2c3 Nb4 18. g4 Qb6+ 19. Kh1 Ne3 20. Bxe3 Qxe3 21.
Nxd6 Nd3 22. Qf3 Qxf3+ 23. Rxf3 Nxb2 24. Rb1 Na4 25. Ndb5 Rfd8 26. Rc1 Nc5 27.
Rc2 Nd3 28. Rf1 Ra5 29. a4 Nc5 30. Na3 Bxc3 31. Rxc3 Nxa4 32. Nxc4 Nxc3 33.
Nxa5 Rxd5 34. Nc6 Rd2 35. Ne5 Ne4 36. Kg1 f6 37. Nf3 Ra2 38. Nh4 Kg7 39. Ng2
Nd2 40. Rd1 Nf3+ 41. Kh1 Rf2 42. h3 h5 43. Ra1 hxg4 44. hxg4 Kh6 45. g5+ fxg5
46. fxg5+ Kxg5 47. Rb1 Kg4 0-1